Foods That Are Green Quiz Stats

 Plays Quiz Updated Jun 11, 2018

Challenge
Share
Tweet
Score 0/24 Timer 06:00
25 Plays Today
Column % Correct
Cucumbers
98.3%
Green grapes
98.2%
Kiwi fruit
97.9%
Limes
97.8%
Granny Smith apples
97.6%
Green olives
97%
Peas
96.7%
Pickled gherkins
95%
Broccoli
95%
Iceberg lettuce
93.7%
Celery
92%
Avocadoes
91.3%
Column % Correct
Asparagus
90.7%
Cabbage
90.3%
Brussels sprouts
89.1%
Green beans
89.1%
Mint chocolate chip ice cream
88.9%
Courgettes
78.4%
Artichokes
73.8%
Basil
66.7%
Kale
62.7%
Rosemary
62.6%
Okra
44%
Green pesto
40.6%

You're not logged in!

Compare scores with friends on all Sporcle quizzes.
Join for Free
OR
Log In

You Might Also Like...

Show Comments

Extras

Top Quizzes Today


Score Distribution

Your Account Isn't Verified!

In order to create a playlist on Sporcle, you need to verify the email address you used during registration. Go to your Sporcle Settings to finish the process.

Report this User

Report this user for behavior that violates our Community Guidelines.

Details: